Statistiken für Top 20 Torjäger 21/22

Klicken Sie hier um das Quiz zu spielen!

Allgemein

  • Dieses Quiz wurde 237 mal gespielt
  • Das Durchschnittsergebnis liegt bei 8 aus 15

Antwortstatistiken

ToreSpieler% Korrekt
1. 35 ToreLewandowski
97%
11. 22 ToreHaaland
89%
2. 28 ToreMbappe
88%
3. 27 ToreBenzema
81%
9. 23 ToreSalah
81%
8. 24 ToreSchick
52%
10. 23 ToreSon
51%
4. 27 ToreImmobile
48%
7. 24 ToreVlahovic
43%
12. 21 ToreHaller
34%
15. 21 ToreMartinez
33%
5. 26 ToreNunez
29%
6. 25 ToreBen Yedder
18%
14. 21 ToreDembele
10%
13. 21 ToreTerrier
4%

Verteilung der Resultate

Perzentil nach korrekt beantworteten Fragen

Anzahl Personen mit jedem Resultat

Ihre Resultats-Entwicklung

Sie haben dieses Quiz noch nicht gespielt